| 000 | 00555nam a2200193Ia 4500 | ||
|---|---|---|---|
| 001 | 72787 | ||
| 008 | 160428s9999 xx 000 0 und d | ||
| 020 | _a9781475808049 | ||
| 040 | _cPK-LaUMT | ||
| 082 |
_a 378.101 _bACA- |
||
| 100 | _aSternberg, Robert J. | ||
| 245 |
_aAcademic leadership in higher education / _bfrom the top down and the bottom up _cSternberg, Robert J.|[et al, ] |
||
| 260 |
_aLanham: _bRowman & Littlefield, _c2015 |
||
| 300 | _a292 p. | ||
| 546 | _aEN | ||
| 650 | _aEducational leadership | ||
| 700 | _a[et al, ] | ||
| 942 | _cBK | ||
| 999 |
_c85742 _d85742 |
||